| 000 | 01304nam a22002297a 4500 | ||
|---|---|---|---|
| 999 |
_c59095 _d59095 |
||
| 003 | Ge_BSU | ||
| 005 | 20221124153009.0 | ||
| 008 | 221124s1985ge xxu||||| |||| 00| 0 geo d | ||
| 041 | _ageo | ||
| 080 | _a821.111-21 შ-56 | ||
| 100 |
_aშექსპირი, უილიამ, ავტორი. _916047 |
||
| 245 |
_aტრაგედიები _bწ. 2 / _cუილიამ შექსპირი ; ინგლ. თარგმ. ი. მაჩაბელის მიერ ; რედ. და კომენტ. ნ. ყიასაშვილისა. |
||
| 264 |
_aთბილისი : _bსაბჭ. საქართველო, _c1985. |
||
| 300 |
_a678 გვ. _b22 სმ. |
||
| 440 |
_aმსოფლიო ლიტერატურის ბიბლიოთეკა. სერია პირველი ; ტ. 18 _916048 |
||
| 501 | _aშენიშვნები: გვ. 667-677. | ||
| 653 | _aტრაგედიები | ||
| 653 | _aმეფე ლირი ანტონიოსი და კლეოპატრა კორიოლანოს. | ||
| 700 |
_a მაჩაბელი, ი _eმთარგმნელი _916049 |
||
| 700 |
_aყიასაშვილი, ნ _eრედაქტორი _95544 |
||
| 942 |
_2udc _cBK |
||